000 00512nam a22001817a 4500
008 170616b xxu||||| |||| 00| p tur d
020 _a9759515938
041 _atur
050 _aPL248.T455
100 _9334
_aAhmet Telli
245 _aBelki Yine Gelirim
_cAhmet Telli
250 _a5. baskı, 10. baskı
260 _aAnkara
_bGibi Yayınları
_cAralık 1994, Mart 2001
300 _a97 sayfa
500 _aŞiir 2 2 adet mevcuttur. (5. ve 10. baskı)
650 0 _9145
_aTürk Edebiyatı
942 _2lcc
_cBK
999 _c311
_d307